000
00292nam a22001337a 4500
008
170527b xxu||||| |||| 00| 0 eng d
020
_a
0201012588
041
_a
eng
080
_2
3RD
_a
621
100
_a
26
101
_a
IM
245
_a
MODERN CONTROL SYSTEMS
_c
DORF, R.C
942
_2
udc
_c
BK
999
_c
14658
_d
14658